<?xml version="1.0" encoding="UTF-8"?>
<record
    xmlns:xsi="http://www.w3.org/2001/XMLSchema-instance"
    xsi:schemaLocation="http://www.loc.gov/MARC21/slim http://www.loc.gov/standards/marcxml/schema/MARC21slim.xsd"
    xmlns="http://www.loc.gov/MARC21/slim">

  <leader>01938nam a22002417a 4500</leader>
  <controlfield tag="005">20250603175616.0</controlfield>
  <controlfield tag="008">190605b        xxu||||| |||| 00| 0 spa d</controlfield>
  <datafield tag="020" ind1=" " ind2=" ">
    <subfield code="a">9788494716935</subfield>
  </datafield>
  <datafield tag="041" ind1=" " ind2=" ">
    <subfield code="a">ESP</subfield>
  </datafield>
  <datafield tag="082" ind1=" " ind2=" ">
    <subfield code="a">895.7 G151f</subfield>
  </datafield>
  <datafield tag="100" ind1=" " ind2=" ">
    <subfield code="a">Gale, James Scarth</subfield>
    <subfield code="9">54159</subfield>
  </datafield>
  <datafield tag="245" ind1=" " ind2=" ">
    <subfield code="a">F&#xE1;bulas y leyendas de Corea: duendes, fantasmas y hadas</subfield>
  </datafield>
  <datafield tag="260" ind1=" " ind2=" ">
    <subfield code="a">M&#xE9;xico</subfield>
  </datafield>
  <datafield tag="260" ind1=" " ind2=" ">
    <subfield code="b">Quaterni</subfield>
  </datafield>
  <datafield tag="260" ind1=" " ind2=" ">
    <subfield code="c">2017</subfield>
  </datafield>
  <datafield tag="300" ind1=" " ind2=" ">
    <subfield code="a">196 p&#xE1;ginas</subfield>
  </datafield>
  <datafield tag="505" ind1=" " ind2=" ">
    <subfield code="a">Contiene: Charan; La historia de Chang To-ryong; La historia del zorro; Cheung Puk-chang, el adivino; Yun Se-pyong, el mago; La mujer gato; El sacerdote desventurado; La visi&#xF3;n del hombre santo; La visita del Hombre de Dios; El literario de Imsil; El soldado de Kang-wha; La maldici&#xF3;n de la serpiente; El hombre de la carretera; El viejo que se convirti&#xF3; en pez; El geomante; El hombre que se convirti&#xF3; en cerdo; La anciana que se convirti&#xF3; en un trasgo; El fantasma agradecido; La doncella valiente; La esposa ingeniosa; El gobernador encajonado; El hombre que perdi&#xF3; las piernas; Los diez mil demonios; El pa&#xED;s de las hadas; La bruja honesta; A quien el rey honra; La buena fortuna de Yoo; Un encuentro con un esp&#xED;ritu; La venganza de la serpiente; El corregidor valiente; El templo del Dios de la Guerra; Una visita desde las sombras; El capit&#xE1;n sin miedo; El rey de Yom-Na (infierno); Las experiencias de Hong en el infierno; Casas encantadas; Im, el cazador; La invasi&#xF3;n m&#xE1;gica de Se&#xFA;l; El horrible duendecillo; Los caminos de Dios; El anciano del sue&#xF1;o; El sacerdote perfecto; La urraca de la buena fortuna; El viejo Buda; Un remedio maravilloso; La leal Mo; El famoso Maing; Los sentidos; &#xBF;Qui&#xE9;n decide, Dios o el rey?; Los tres talentos de Im; Una muerte en extra&#xF1;as circunstancias; El misterioso &#xE1;rbol Hoi; Ta-hong</subfield>
  </datafield>
  <datafield tag="650" ind1=" " ind2=" ">
    <subfield code="a">LITERATURA COREANA</subfield>
  </datafield>
  <datafield tag="650" ind1=" " ind2=" ">
    <subfield code="a">CUENTOS COREANOS</subfield>
  </datafield>
  <datafield tag="650" ind1=" " ind2=" ">
    <subfield code="a">LEYENDAS COREANAS</subfield>
  </datafield>
  <datafield tag="650" ind1=" " ind2=" ">
    <subfield code="a">F&#xC1;BULAS</subfield>
  </datafield>
  <datafield tag="942" ind1=" " ind2=" ">
    <subfield code="c">LIT</subfield>
    <subfield code="2">ddc</subfield>
  </datafield>
  <datafield tag="999" ind1=" " ind2=" ">
    <subfield code="c">12016</subfield>
    <subfield code="d">12016</subfield>
  </datafield>
  <datafield tag="952" ind1=" " ind2=" ">
    <subfield code="o">895.7 G151f</subfield>
    <subfield code="p">24454</subfield>
    <subfield code="y">LIT</subfield>
  </datafield>
</record>
